000 00306nam a2200121Ia 4500
005 20260326100038.0
008 260326s9999||||xx |||||||||||||| ||und||
100 _aVahlefeld, Rolf
245 0 _aGaragen-Und Tankstellenbau /
_cRolf Vahlefeld
260 _bCallwey
650 _aARQUITECTURA CIVIL
942 _cBK
999 _c6890
_d6890